[Event "30th WCh U20 Girls"]
[Site "Athens GRE"]
[Date "2012.08.14"]
[Round "12"]
[White "Terzidaki, Alexandra"]
[Black "Psofimi, Milia"]
[Result "1-0"]
[WhiteElo "1958"]
[BlackElo "1437"]
[EventDate "2012.08.02"]
[PlyCount "33"]

1.e4 e5 2.Nf3 Nf6 3.d4 exd4 4.e5 Ng8 5.Nxd4 d6 6.exd6 Bxd6 7.Bc4 Nf6 8.O-O
O-O 9.Nc3 c6 10.Bg5 Be5 11.Nf3 Bxc3 12.bxc3 Qxd1 13.Raxd1 Ne4 14.Be7 Nxc3 
15.Bxf8 Nxd1 16.Rxd1 Kxf8 17.Rd8+ 1-0

[Event "30th WCh U20 Girls"]
[Site "Athens GRE"]
[Date "2012.08.15"]
[Round "13"]
[White "Cori Tello, Deysi"]
[Black "Wang Jue"]
[Result "0-1"]
[WhiteElo "2413"]
[BlackElo "2355"]
[EventDate "2012.08.02"]
[PlyCount "78"]

1.d4 Nf6 2.Nf3 g6 3.c4 Bg7 4.Nc3 d6 5.Bg5 h6 6.Bh4 g5 7.Bg3 Nh5 8.e3 c5 9.
Be2 O-O 10.dxc5 Nxg3 11.hxg3 dxc5 12.Qc2 e6 13.Rh5 f5 14.g4 Nc6 15.Rd1 Qe7
16.gxf5 exf5 17.a3 Qf7 18.Rh2 g4 19.Nh4 f4 20.exf4 Qxf4 21.g3 Nd4 22.Rxd4 
Qxd4 23.Bd3 Re8+ 24.Kf1 Be6 25.Kg2 Bxc4 26.Bxc4+ Qxc4 27.Nf5 Re1 28.Ne3 
Rxe3 29.fxe3 Rf8 30.Rh1 Qf7 31.Qe2 Bxc3 32.bxc3 Qf3+ 33.Qxf3 Rxf3 34.Rh5 
Rxe3 35.Rxc5 Kf7 36.Kf2 Rf3+ 37.Kg2 Ke6 38.a4 Kd6 39.Rc8 Rf5 0-1

[Event "30th WCh U20 Girls"]
[Site "Athens GRE"]
[Date "2012.08.15"]
[Round "13"]
[White "Ziaziulkina, Nastassia"]
[Black "Kulon, Klaudia"]
[Result "1-0"]
[WhiteElo "2342"]
[BlackElo "2259"]
[EventDate "2012.08.02"]
[PlyCount "59"]

1.e4 c5 2.Nf3 d6 3.d4 cxd4 4.Nxd4 Nf6 5.Nc3 a6 6.Bg5 Nbd7 7.Qe2 h6 8.Bh4 
b5 9.O-O-O Bb7 10.Nd5 Nxd5 11.exd5 Bxd5 12.f4 g5 13.fxg5 e6 14.Nf5 Bc4 15.
Qe3 Ne5 16.g6 Qa5 17.g7 Bxg7 18.Nxg7+ Kf8 19.Rxd6 Ng6 20.Bxc4 bxc4 21.
Nxe6+ Kg8 22.Nd8 Kh7 23.Rf1 Rf8 24.Rd7 Nxh4 25.Qe4+ Kg8 26.Rdxf7 Rxf7 27.
Qe8+ Kg7 28.Rxf7+ Kg6 29.Qg8+ Kh5 30.g4# 1-0

[Event "30th WCh U20 Girls"]
[Site "Athens GRE"]
[Date "2012.08.15"]
[Round "13"]
[White "Aulia, Medina Warda"]
[Black "Bulmaga, Irina"]
[Result "1-0"]
[WhiteElo "2218"]
[BlackElo "2380"]
[EventDate "2012.08.02"]
[PlyCount "117"]

1.e4 c5 2.Nf3 d6 3.d4 cxd4 4.Nxd4 Nf6 5.Nc3 a6 6.Be2 e5 7.Nb3 Be7 8.O-O 
O-O 9.Re1 Be6 10.Bf3 Nbd7 11.a4 Qc7 12.a5 Rac8 13.Be3 Rfd8 14.Re2 Nc5 15.
Rd2 h6 16.h3 Kh8 17.Nc1 b5 18.axb6 Qxb6 19.Nd3 Qb7 20.Nxc5 dxc5 21.Nd5 
Bxd5 22.exd5 Bd6 23.c4 e4 24.Be2 Ra8 25.Ra5 Qb6 26.Qa1 Nd7 27.Ra4 f5 28.b4
f4 29.bxc5 Nxc5 30.Bd4 Qc7 31.Ra3 a5 32.Bd1 Rf8 33.Rda2 a4 34.Bxa4 Nd3 35.
Rb3 f3 36.Rb6 Bh2+ 37.Kh1 fxg2+ 38.Kxg2 Be5 39.Bxe5 Qxb6 40.Bxg7+ Kh7 41.
Bxf8 Rxf8 42.Bd7 Rxf2+ 43.Kh1 Qg6 44.Bg4 Rxa2 45.Qxa2 Qf6 46.Qa7+ Kg6 47.
Qe3 Qe5 48.d6 Kf7 49.d7 Ke7 50.Qb6 Qa1+ 51.Kg2 Ne1+ 52.Kh2 Qa2+ 53.Kg3 
Qg2+ 54.Kh4 Nf3+ 55.Kh5 Qd2 56.Qc5+ Kf7 57.Qf5+ Ke7 58.Qe6+ Kf8 59.Qf6+ 
1-0

[Event "30th WCh U20 Girls"]
[Site "Athens GRE"]
[Date "2012.08.15"]
[Round "13"]
[White "Guo Qi"]
[Black "Abdulla, Khayala"]
[Result "1/2-1/2"]
[WhiteElo "2358"]
[BlackElo "2217"]
[EventDate "2012.08.02"]
[PlyCount "63"]

1.d4 Nf6 2.c4 e6 3.Nf3 b6 4.g3 Ba6 5.Qa4 Bb7 6.Bg2 c5 7.dxc5 bxc5 8.O-O 
Be7 9.Nc3 O-O 10.Rd1 a6 11.Bf4 Qb6 12.Rd2 d6 13.Rad1 e5 14.Bg5 Nbd7 15.Nh4
Bxg2 16.Nxg2 h6 17.Bxf6 Nxf6 18.Ne3 Qb7 19.Ned5 Nxd5 20.Nxd5 Bg5 21.e3 f5 
22.f4 exf4 23.exf4 Bf6 24.Nxf6+ Rxf6 25.Rxd6 Rxd6 26.Rxd6 Qxb2 27.Qb3 Qe2 
28.Qd3 Qxd3 29.Rxd3 Rb8 30.Rd5 Rb2 31.Rxf5 Rxa2 32.Rxc5 1/2-1/2

[Event "30th WCh U20 Girls"]
[Site "Athens GRE"]
[Date "2012.08.15"]
[Round "13"]
[White "Kashlinskaya, Alina"]
[Black "Osmak, Yulia"]
[Result "0-1"]
[WhiteElo "2391"]
[BlackElo "2171"]
[EventDate "2012.08.02"]
[PlyCount "136"]

1.d4 d5 2.c4 c6 3.Nc3 Nf6 4.Nf3 dxc4 5.a4 Bf5 6.Ne5 Nbd7 7.Nxc4 Nb6 8.Ne5 
a5 9.g3 Nfd7 10.Nd3 e5 11.dxe5 Bb4 12.Bg2 Bxd3 13.Qxd3 Nxe5 14.Qc2 O-O 15.
O-O Qe7 16.Ne4 h6 17.b3 f5 18.Nd2 Rad8 19.Nf3 Nxf3+ 20.Bxf3 Qc5 21.Qb1 Nd5
22.Bb2 Nc3 23.Qc1 Ne4 24.Qf4 Nd2 25.Rfc1 Qe7 26.Rc2 g5 27.Qe5 Qxe5 28.Bxe5
Nxb3 29.Rb1 Nd2 30.Rbb2 Nxf3+ 31.exf3 Rd1+ 32.Kg2 Rfd8 33.Bc3 c5 34.Bxb4 
cxb4 35.Rc5 R1d5 36.Rbc2 b6 37.Rc6 R5d6 38.Rc7 R8d7 39.Rc8+ Kg7 40.Rb8 Kf6
41.f4 gxf4 42.gxf4 Ke6 43.Re2+ Kf6 44.Re5 Re7 45.Rf8+ Rf7 46.Rb8 Kg7 47.
Rb5 Rff6 48.Rb7+ Kg6 49.Rb8 Kh5 50.Kg3 Rg6+ 51.Kf3 Rgf6 52.Kg3 Rd3+ 53.f3 
Ra3 54.R8xb6 Rxb6 55.Rxb6 Rxa4 56.Rb5 Kg6 57.h4 h5 58.Kf2 Ra3 59.Ke2 b3 
60.Kd2 a4 61.Rb4 Ra2+ 62.Kc1 Kf6 63.Rb6+ Ke7 64.Kb1 Kd7 65.Rf6 Rc2 66.Rxf5
a3 67.Rd5+ Ke6 68.Rd1 Rf2 0-1

[Event "30th WCh U20 Girls"]
[Site "Athens GRE"]
[Date "2012.08.15"]
[Round "13"]
[White "Varga, Klara"]
[Black "Arabidze, Meri"]
[Result "0-1"]
[WhiteElo "2181"]
[BlackElo "2379"]
[EventDate "2012.08.02"]
[PlyCount "64"]

1.Nf3 c5 2.c4 b6 3.Nc3 Bb7 4.g3 g6 5.Bg2 Bg7 6.O-O Nf6 7.d3 O-O 8.e4 d6 9.
h3 Nc6 10.Bg5 h6 11.Be3 Nd7 12.Qd2 Kh7 13.Nh2 Nd4 14.f4 a6 15.Ng4 b5 16.b3
bxc4 17.bxc4 Qa5 18.Rab1 Rab8 19.Kh1 f5 20.Nf2 e6 21.Rfc1 Ba8 22.Kh2 Rfe8 
23.Nfd1 Rb4 24.Qf2 Qa3 25.Bd2 Reb8 26.exf5 gxf5 27.Bxa8 Rxa8 28.Rxb4 cxb4 
29.Nb1 Qxd3 30.Be3 Ne2 31.Nb2 Bxb2 32.Re1 Nd4 0-1

[Event "30th WCh U20 Girls"]
[Site "Athens GRE"]
[Date "2012.08.15"]
[Round "13"]
[White "Ibrahimova, Sabina"]
[Black "Bodnaruk, Anastasia"]
[Result "0-1"]
[WhiteElo "2091"]
[BlackElo "2414"]
[EventDate "2012.08.02"]
[PlyCount "82"]

1.e4 c5 2.Nf3 d6 3.d4 cxd4 4.Nxd4 Nf6 5.Nc3 a6 6.h3 e5 7.Nde2 h5 8.Bg5 Be6
9.Bxf6 Qxf6 10.Nd5 Qd8 11.Nec3 g6 12.Be2 Bh6 13.O-O O-O 14.Qd3 Nc6 15.Rad1
Rc8 16.Kh1 Qh4 17.Qg3 Qxg3 18.fxg3 f5 19.Bc4 Rce8 20.exf5 gxf5 21.Be2 Nd4 
22.Bxh5 Rd8 23.Rf2 Kg7 24.Bf3 Rc8 25.Nf4 Bf7 26.a3 Nxf3 27.Rxf3 exf4 28.
Rxd6 Bh5 29.Rfd3 Rf7 30.Nd5 f3 31.gxf3 Rxc2 32.b4 Bc1 33.a4 Rf2 34.f4 Rf3 
35.Nc3 Rc7 36.Rd7+ Rxd7 37.Rxd7+ Kf8 38.Nd5 Rxg3 39.Kh2 Rd3 40.Rd8+ Kf7 
41.Rc8 Bd2 0-1

[Event "30th WCh U20 Girls"]
[Site "Athens GRE"]
[Date "2012.08.15"]
[Round "13"]
[White "Vojinovic, Jovana"]
[Black "Sihite, Chelsie Monica"]
[Result "0-1"]
[WhiteElo "2337"]
[BlackElo "2162"]
[EventDate "2012.08.02"]
[PlyCount "88"]

1.Nf3 Nf6 2.g3 e6 3.Bg2 d5 4.d3 b6 5.O-O Bb7 6.Nbd2 Be7 7.e4 dxe4 8.dxe4 
O-O 9.e5 Ne4 10.Qe2 Nxd2 11.Bxd2 c5 12.Rfd1 Qc7 13.c3 Nd7 14.c4 Rad8 15.
Bc3 Nb8 16.h4 Rxd1+ 17.Rxd1 Rd8 18.Rxd8+ Qxd8 19.Nd2 Bxg2 20.Kxg2 Nc6 21.
Qe4 Qd7 22.Nf3 a6 23.Bd2 b5 24.Be3 bxc4 25.Qxc4 Qd5 26.Qc3 h5 27.b3 g6 28.
Qd2 Nb4 29.Qe2 Nd3 30.Kh2 a5 31.Bd2 a4 32.bxa4 c4 33.Bc3 Bc5 34.Be1 Nc1 
35.Qc2 Qxf3 36.Qxc1 Bxf2 37.Bxf2 Qxf2+ 38.Kh3 Qxa2 39.Qd1 Qb3 40.Qd8+ Kh7 
41.Qa8 Qd1 42.Qc6 c3 43.Kh2 c2 44.Qc7 Kg7 0-1

[Event "30th WCh U20 Girls"]
[Site "Athens GRE"]
[Date "2012.08.15"]
[Round "13"]
[White "Goryachkina, Aleksandra"]
[Black "Khaled, Mouna"]
[Result "1-0"]
[WhiteElo "2361"]
[BlackElo "2121"]
[EventDate "2012.08.02"]
[PlyCount "105"]

1.d4 Nf6 2.c4 g6 3.Nc3 Bg7 4.e4 d6 5.Nf3 O-O 6.Be2 Bg4 7.O-O Nfd7 8.Be3 
Nc6 9.Nd2 Bxe2 10.Nxe2 e5 11.d5 Ne7 12.Qc2 f5 13.exf5 Nxf5 14.Ne4 Nxe3 15.
fxe3 Bh6 16.Qd3 Nf6 17.Nxf6+ Rxf6 18.Nc3 Rxf1+ 19.Rxf1 Qg5 20.Rf3 Rf8 21.
Ne4 Qh4 22.g3 Qe7 23.Rxf8+ Qxf8 24.Kg2 Qf5 25.h3 Qf7 26.b4 Qe7 27.c5 Bf8 
28.Qb5 b6 29.cxd6 cxd6 30.Qc6 Qd8 31.b5 Qe7 32.Qc8 Qf7 33.Qc6 Qe7 34.a4 
Kg7 35.h4 h6 36.Nd2 g5 37.h5 g4 38.Qc8 Qg5 39.Qd7+ Kh8 40.Qe8 Qf5 41.e4 
Qf6 42.Qc8 Qg7 43.Nf1 Qf7 44.Qxg4 Qc7 45.Ne3 Qc3 46.Qf3 Kg8 47.Nf5 Qc2+ 
48.Kh3 Qxa4 49.Qg4+ Kh8 50.Nh4 Bg7 51.Ng6+ Kh7 52.Qf5 Qc4 53.Nxe5+ 1-0

[Event "30th WCh U20 Girls"]
[Site "Athens GRE"]
[Date "2012.08.15"]
[Round "13"]
[White "Schut, Lisa"]
[Black "Kulkarni, Bhakti Pradip"]
[Result "0-1"]
[WhiteElo "2305"]
[BlackElo "2159"]
[EventDate "2012.08.02"]
[PlyCount "80"]

1.e4 e5 2.Nf3 Nf6 3.Nxe5 d6 4.Nf3 Nxe4 5.Nc3 Nxc3 6.dxc3 Be7 7.Bf4 Nc6 8.
Qd2 Be6 9.O-O-O a6 10.h4 Qd7 11.Ng5 h6 12.Nxe6 Qxe6 13.Kb1 O-O-O 14.g3 Qf6
15.Bg2 g5 16.Be3 Qg6 17.h5 Qh7 18.Qe2 Nb8 19.Qc4 c6 20.Be4 b5 21.Qd4 f5 
22.Bg2 Rd7 23.g4 f4 24.Be4 Qg8 25.Bc1 Kb7 26.a4 d5 27.Bf5 Rd6 28.Rhe1 Bf6 
29.Qb4 Qd8 30.Bd2 Qc7 31.axb5 axb5 32.Qa3 Nd7 33.c4 Ra8 34.Qb4 Ra4 35.Qb3 
Nc5 36.Qf3 bxc4 37.Bc3 d4 38.Bd2 Qb6 39.c3 d3 40.Re8 Qb3 0-1

[Event "30th WCh U20 Girls"]
[Site "Athens GRE"]
[Date "2012.08.15"]
[Round "13"]
[White "Pavlidou, Ekaterini"]
[Black "Iordanidou, Zoi"]
[Result "1-0"]
[WhiteElo "2237"]
[BlackElo "2166"]
[EventDate "2012.08.02"]
[PlyCount "67"]

1.d4 d5 2.Nf3 e6 3.g3 c5 4.c3 Nc6 5.Bg2 Nf6 6.O-O Be7 7.Nbd2 O-O 8.dxc5 
Bxc5 9.b4 Bd6 10.a3 Ne5 11.Nxe5 Bxe5 12.Bb2 Nd7 13.e4 Nb6 14.f4 Bf6 15.e5 
Be7 16.a4 a5 17.b5 Bd7 18.Kh1 Rc8 19.Nb3 Nc4 20.Bc1 f6 21.exf6 Bxf6 22.f5 
Bxc3 23.Ra2 Nb6 24.Be3 Kh8 25.Nc5 exf5 26.Nxd7 Nxd7 27.Qxd5 Qe7 28.Bf4 Nf6
29.Qxb7 Qe6 30.Rc2 Qb3 31.Rfc1 Qxa4 32.Be5 Rfe8 33.Bxc3 Red8 34.Bxf6 1-0

[Event "30th WCh U20 Girls"]
[Site "Athens GRE"]
[Date "2012.08.15"]
[Round "13"]
[White "Rodriguez Rueda, Paula Andrea"]
[Black "Abdumalik, Zhansaya"]
[Result "1-0"]
[WhiteElo "2196"]
[BlackElo "2193"]
[EventDate "2012.08.02"]
[PlyCount "127"]

1.d4 c5 2.e3 Nf6 3.c4 g6 4.Nc3 Bg7 5.d5 d6 6.Bd3 e5 7.dxe6 fxe6 8.Nge2 Nc6
9.O-O O-O 10.e4 Nd4 11.f4 e5 12.f5 gxf5 13.exf5 b5 14.cxb5 d5 15.Bg5 Bb7 
16.Ng3 Qb6 17.Na4 Qd6 18.Rf2 Rf7 19.Nc3 Raf8 20.Rc1 e4 21.Bb1 Nd7 22.Qg4 
Ne5 23.Qh3 h6 24.Be3 Bc8 25.Rcf1 Rf6 26.Ncxe4 dxe4 27.Nxe4 Qd5 28.Nxf6+ 
Rxf6 29.Qh4 Bb7 30.Qg3 Kh8 31.b3 Nxb5 32.Rd2 Nd4 33.Bxd4 cxd4 34.Re1 Nd7 
35.Be4 Qa5 36.Rxd4 Bxe4 37.Rdxe4 Qxf5 38.h3 Rg6 39.Rg4 Be5 40.Qf3 Bd4+ 41.
Kh1 Qxf3 42.gxf3 Rxg4 43.hxg4 Be5 44.f4 Bf6 45.Re8+ Kg7 46.Ra8 Nc5 47.
Rxa7+ Kg6 48.Kg2 Bd4 49.Kf3 Kf6 50.b4 Ne6 51.Rh7 Kg6 52.Rd7 Kf6 53.b5 Bc5 
54.a4 Bb6 55.Rh7 Kg6 56.Rb7 Nd4+ 57.Ke4 Bc5 58.a5 h5 59.gxh5+ Kxh5 60.a6 
Kg6 61.Kd5 Nb3 62.Kc4 Na5+ 63.Kxc5 Nxb7+ 64.axb7 1-0

[Event "30th WCh U20 Girls"]
[Site "Athens GRE"]
[Date "2012.08.15"]
[Round "13"]
[White "Klek, Hanna-Marie"]
[Black "De Seroux, Camille"]
[Result "0-1"]
[WhiteElo "2248"]
[BlackElo "2101"]
[EventDate "2012.08.02"]
[PlyCount "66"]

1.e4 c5 2.Nc3 Nc6 3.Bb5 Nd4 4.Bc4 e6 5.Nge2 a6 6.a4 Nf6 7.O-O d5 8.exd5 
exd5 9.Nxd4 cxd4 10.Nxd5 Nxd5 11.Qh5 Be6 12.Re1 Be7 13.Rxe6 Nf4 14.Rxe7+ 
Qxe7 15.Qf3 Ng6 16.Bf1 O-O 17.b3 Rfe8 18.Bb2 Rad8 19.c4 Qb4 20.Qd1 Qc5 21.
Ba3 Qf5 22.d3 Re6 23.Bb4 Rde8 24.a5 Nf4 25.Qf3 Qg5 26.Kh1 Ne2 27.Qxb7 Qf4 
28.Qf3 Qb8 29.Bc5 Qxb3 30.g3 Rf6 31.Qg4 Rxf2 32.Bxe2 Rfxe2 33.Bxd4 Qb7+ 
0-1

[Event "30th WCh U20 Girls"]
[Site "Athens GRE"]
[Date "2012.08.15"]
[Round "13"]
[White "Anusca, Madalina-Maria"]
[Black "Petrova, Irina"]
[Result "1/2-1/2"]
[WhiteElo "2079"]
[BlackElo "2173"]
[EventDate "2012.08.02"]
[PlyCount "72"]

1.c4 Nf6 2.g3 g6 3.Bg2 Bg7 4.Nf3 O-O 5.Nc3 d6 6.O-O e5 7.d3 c6 8.e4 Nbd7 
9.Ne1 Rb8 10.Be3 a6 11.f4 b5 12.Qe2 b4 13.Nd1 a5 14.c5 exf4 15.gxf4 Nxc5 
16.Nf2 Ncd7 17.Rc1 Bb7 18.d4 Qe7 19.Ned3 Rfe8 20.e5 Nd5 21.Ne4 Nxe3 22.
Qxe3 c5 23.dxc5 dxc5 24.Ndxc5 Nxc5 25.Rxc5 Bxe4 26.Bxe4 f6 27.e6 f5 28.Bd5
Kh8 29.Rfc1 Bxb2 30.Rc7 Qf6 31.R1c4 Rbd8 32.Qa7 Qh4 33.Qb7 Qe1+ 34.Kg2 
Qd2+ 35.Kg3 Qe1+ 36.Kg2 Qd2+ 1/2-1/2

[Event "30th WCh U20 Girls"]
[Site "Athens GRE"]
[Date "2012.08.15"]
[Round "13"]
[White "Orozco Lopez, Lina Yomayra"]
[Black "Manelidou, Maria"]
[Result "1/2-1/2"]
[WhiteElo "2150"]
[BlackElo "2056"]
[EventDate "2012.08.02"]
[PlyCount "62"]

1.e4 e5 2.Nf3 Nc6 3.Bb5 a6 4.Ba4 d6 5.O-O Bd7 6.c3 g6 7.d4 Bg7 8.Re1 Nge7 
9.d5 Nb8 10.c4 Bxa4 11.Qxa4+ Nd7 12.b4 O-O 13.Bb2 h6 14.Nbd2 b6 15.Qd1 f5 
16.Nb3 Nf6 17.Nfd2 fxe4 18.Nxe4 Qd7 19.Nxf6+ Rxf6 20.c5 Qb5 21.Re4 bxc5 
22.bxc5 Qb7 23.f4 Qxd5 24.Qxd5+ Nxd5 25.fxe5 Rf4 26.Re2 dxe5 27.Bxe5 Re8 
28.Rae1 Rxe5 29.Rxe5 Bxe5 30.Rxe5 Nc3 31.g3 Ra4 1/2-1/2

[Event "30th WCh U20 Girls"]
[Site "Athens GRE"]
[Date "2012.08.15"]
[Round "13"]
[White "Semenova, Elena"]
[Black "Narva, Triin"]
[Result "1/2-1/2"]
[WhiteElo "2134"]
[BlackElo "2028"]
[EventDate "2012.08.02"]
[PlyCount "60"]

1.e4 d5 2.exd5 Qxd5 3.Nc3 Qd6 4.d4 Nf6 5.Nf3 a6 6.g3 Bg4 7.Bg2 Nc6 8.d5 
Nb4 9.Bf4 Qc5 10.Be3 Qd6 11.h3 Bxf3 12.Bxf3 O-O-O 13.Qe2 Nbxd5 14.Nxd5 
Nxd5 15.O-O-O Qe5 16.c4 Nxe3 17.Bxb7+ Kxb7 18.Rxd8 Qe4 19.Qxe3 Qxh1+ 20.
Kc2 Qc6 21.Qb3+ Qb6 22.Qf3+ c6 23.Qd1 g6 24.Qd7+ Qc7 25.Qd2 Qb6 26.Qd7+ 
Qc7 27.Qd3 Qb6 28.Qd7+ Qc7 29.Qd2 Qb6 30.Qd7+ Qc7 1/2-1/2

[Event "30th WCh U20 Girls"]
[Site "Athens GRE"]
[Date "2012.08.15"]
[Round "13"]
[White "Bucar, Natasa"]
[Black "Pon Krithikha, Namasivayam"]
[Result "0-1"]
[WhiteElo "2022"]
[BlackElo "2119"]
[EventDate "2012.08.02"]
[PlyCount "62"]

1.e4 Nf6 2.e5 Nd5 3.Nc3 Nxc3 4.dxc3 d6 5.Nf3 Nc6 6.Bb5 Bd7 7.Qe2 e6 8.Bf4 
Ne7 9.exd6 cxd6 10.Bxd6 Nd5 11.Bxf8 Kxf8 12.O-O-O Bxb5 13.Qxb5 Qc7 14.Rhe1
a6 15.Qa4 b5 16.Qh4 h6 17.Ne5 Rc8 18.Rd3 Kg8 19.Rf3 Rf8 20.g4 g5 21.Qg3 
Rh7 22.h4 Rc8 23.Nd3 Qc4 24.hxg5 hxg5 25.Qe5 b4 26.Re4 Qxa2 27.Nxb4 Rh1+ 
28.Re1 Rxe1+ 29.Qxe1 Nxb4 30.Qe4 Qa1+ 31.Kd2 Rd8+ 0-1

[Event "30th WCh U20 Girls"]
[Site "Athens GRE"]
[Date "2012.08.15"]
[Round "13"]
[White "Unapkoshvili, Nani"]
[Black "Furtado, Ivana Maria"]
[Result "1/2-1/2"]
[WhiteElo "2011"]
[BlackElo "2102"]
[EventDate "2012.08.02"]
[PlyCount "68"]

1.d4 d5 2.g3 Nf6 3.Bg2 e6 4.Nf3 b5 5.O-O Bb7 6.b3 Nbd7 7.c4 bxc4 8.bxc4 
dxc4 9.Qa4 Be7 10.Ne5 Bxg2 11.Kxg2 Nd5 12.Qc6 Nb4 13.Qa4 Nd5 14.Ba3 Nb6 
15.Qc6 Bxa3 16.Nxa3 O-O 17.Nxd7 Nxd7 18.Nxc4 Nb6 19.e3 Nd5 20.Ne5 Qg5 21.
e4 Nf4+ 22.Kh1 Ng6 23.Qxc7 Rac8 24.Qxa7 Nxe5 25.dxe5 Qxe5 26.Qe3 Rc3 27.
Qf4 Qxf4 28.gxf4 f5 29.f3 fxe4 30.fxe4 Rc4 31.Rae1 Rc2 32.a4 Rf6 33.Rf3 
Ra2 34.e5 Rf8 1/2-1/2

[Event "30th WCh U20 Girls"]
[Site "Athens GRE"]
[Date "2012.08.15"]
[Round "13"]
[White "Ivekovic, Ana"]
[Black "Edes, Zsofia"]
[Result "1/2-1/2"]
[WhiteElo "1959"]
[BlackElo "2081"]
[EventDate "2012.08.02"]
[PlyCount "46"]

1.d4 d5 2.c4 e6 3.Nc3 a6 4.e3 Nf6 5.Nf3 Bd6 6.c5 Be7 7.Bd3 O-O 8.Qc2 b6 9.
cxb6 cxb6 10.O-O Nc6 11.a3 Bb7 12.b4 b5 13.Bb2 Rc8 14.Qe2 Qd6 15.Rfd1 Nb8 
16.a4 Qb6 17.axb5 axb5 18.Nxb5 Bxb4 19.Rdb1 Qd8 20.Na7 Rc7 21.Nb5 Rc8 22.
Na7 Rc7 23.Nb5 Rc8 1/2-1/2

[Event "30th WCh U20 Girls"]
[Site "Athens GRE"]
[Date "2012.08.15"]
[Round "13"]
[White "Nonkovic, Bogdana"]
[Black "Galunova, Tsveta"]
[Result "0-1"]
[WhiteElo "1950"]
[BlackElo "2091"]
[EventDate "2012.08.02"]
[PlyCount "114"]

1.Nf3 Nf6 2.g3 d5 3.Bg2 c6 4.O-O Bf5 5.d3 h6 6.Nbd2 e6 7.b3 Nbd7 8.Bb2 Be7
9.c4 O-O 10.Qc2 a5 11.e4 dxe4 12.Nxe4 Nc5 13.Bxf6 gxf6 14.Nxc5 Bxc5 15.
Rad1 Qd6 16.Qc1 Kg7 17.d4 Ba7 18.Qc3 Qb4 19.Qe3 a4 20.g4 Bxg4 21.Qf4 Bf5 
22.Kh1 Bb8 23.Qe3 axb3 24.axb3 Qd6 25.Rg1 Kh7 26.Bf1 Qf4 27.Bd3 Bg6 28.
Bxg6+ fxg6 29.Qd3 f5 30.Rde1 Re8 31.Rg2 Bc7 32.Ng1 Rad8 33.Ne2 Qh4 34.Reg1
Rg8 35.Qe3 Qf6 36.f4 Bb6 37.c5 Bc7 38.b4 Rd7 39.Qb3 Rd5 40.b5 Qf7 41.Ra1 
Rdd8 42.bxc6 bxc6 43.Qb7 g5 44.Ra7 Rd7 45.Qxc6 Rg7 46.Qf3 gxf4 47.Rxg7+ 
Qxg7 48.c6 Rf7 49.Rb7 Qg5 50.Nxf4 Rg7 51.Ne2 Qh4 52.Ng3 Qxd4 53.Rb1 Qc5 
54.Re1 Bb6 55.Kg2 Qc2+ 56.Kh3 Rg4 57.Rxe6 Rh4+ 0-1

[Event "30th WCh U20 Girls"]
[Site "Athens GRE"]
[Date "2012.08.15"]
[Round "13"]
[White "Lolici, Iselin-Amanda"]
[Black "Lefevre, Margaux"]
[Result "0-1"]
[WhiteElo "1967"]
[BlackElo "2043"]
[EventDate "2012.08.02"]
[PlyCount "92"]

1.c4 c5 2.g3 Nf6 3.Bg2 d5 4.Nf3 Nc6 5.O-O dxc4 6.Qa4 Nd7 7.Qxc4 e5 8.a3 
Be7 9.Nc3 Nb6 10.Qe4 f5 11.Qc2 Be6 12.d3 O-O 13.Rb1 Rc8 14.e3 Qd7 15.Rd1 
Rfd8 16.b3 g5 17.Bb2 Bf6 18.Ne2 Qf7 19.Ba1 Qh5 20.Qd2 e4 21.Bxf6 exf3 22.
Bxd8 fxe2 23.Rdc1 Rxd8 24.Rxc5 Nd7 25.Rc2 Nde5 26.d4 f4 27.Qe1 f3 28.dxe5 
Nxe5 29.Rc5 Nd3 30.Qa5 Nxc5 31.Qxd8+ Kf7 32.Qc7+ Nd7 33.Bh1 g4 34.Qxb7 Qf5
35.Re1 Qa5 36.b4 Qxa3 37.Bxf3 Qc3 38.Rxe2 gxf3 39.Qxf3+ Nf6 40.Qb7+ Kg6 
41.f4 Bd5 42.f5+ Kh5 43.g4+ Kh4 44.Qe7 Kh3 45.Kf1 Qc1+ 46.Re1 Bg2+ 0-1

[Event "30th WCh U20 Girls"]
[Site "Athens GRE"]
[Date "2012.08.15"]
[Round "13"]
[White "Nevioselaya, Maria"]
[Black "Liao, Simone"]
[Result "1/2-1/2"]
[WhiteElo "2057"]
[BlackElo "1933"]
[EventDate "2012.08.02"]
[PlyCount "157"]

1.e4 e6 2.d4 d5 3.Nc3 Bb4 4.e5 Ne7 5.a3 Bxc3+ 6.bxc3 c5 7.Qg4 Qc7 8.Qxg7 
Rg8 9.Qxh7 cxd4 10.Ne2 Nbc6 11.f4 Bd7 12.Qd3 dxc3 13.Nxc3 a6 14.Ne2 O-O-O 
15.Bd2 Nf5 16.h3 Na5 17.g4 Nh4 18.Kf2 Nc4 19.Bb4 Ba4 20.Nd4 Rd7 21.Qh7 Qd8
22.Bxc4 dxc4 23.Bd6 Ng6 24.Qh6 Qb6 25.Ke3 Qb2 26.Rhd1 Qc3+ 27.Kf2 Rh8 28.
Ne2 Qxc2 29.Qg5 Rxh3 30.Rh1 Qd3 31.Rxh3 Qxh3 32.Rc1 Bb5 33.Rc3 Qh2+ 34.Ke1
Qh1+ 35.Kd2 Qd5+ 36.Ke1 Qe4 37.Rh3 Qg2 38.Qh5 Qxe2+ 39.Kxe2 Nxf4+ 40.Kd2 
Nxh5 41.gxh5 Rd8 42.h6 Rh8 43.Be7 Kd7 44.Bf6 Rh7 45.Bg7 Bc6 46.Rh4 Bd5 47.
Kc3 b6 48.Rh2 b5 49.Kb4 Be4 50.Rf2 Ke7 51.Rf4 Bd5 52.Ka5 c3 53.Rf1 c2 54.
Rc1 Be4 55.Kxa6 Bd3 56.Kb6 Kd7 57.Kc5 Ke7 58.Kd4 Bf5 59.Kc3 Kd7 60.Kb2 Kc6
61.Rf1 Kd5 62.Rf3 Kc5 63.Rc3+ Kd4 64.Kb3 Be4 65.Rc7 Bg6 66.Kb4 Kd3 67.Kb3 
Kd4 68.a4 bxa4+ 69.Kxa4 Kd3 70.Kb3 Ke2 71.Kb2 Kd1 72.Rd7+ Ke2 73.Kc1 Kf3 
74.Rd4 Ke3 75.Rh4 Kf3 76.Kd2 Bf5 77.Rh1 Kg2 78.Re1 Kf2 79.Rc1 1/2-1/2

[Event "30th WCh U20 Girls"]
[Site "Athens GRE"]
[Date "2012.08.15"]
[Round "13"]
[White "Cemhan, Kardelen"]
[Black "Sargsian, Shushanna"]
[Result "1-0"]
[WhiteElo "1938"]
[BlackElo "2047"]
[EventDate "2012.08.02"]
[PlyCount "101"]

1.e4 c6 2.d4 d5 3.exd5 cxd5 4.Bd3 Nc6 5.c3 Nf6 6.Bf4 e6 7.Nf3 Bd6 8.Bxd6 
Qxd6 9.O-O O-O 10.Nbd2 Bd7 11.Re1 Rfc8 12.Ne5 Be8 13.f4 Nd7 14.Qh5 Nf8 15.
Qg4 Ne7 16.Re3 f6 17.Rg3 Neg6 18.Nxg6 Bxg6 19.Re1 Re8 20.Bxg6 Nxg6 21.Rf1 
f5 22.Qg5 a5 23.h4 Qe7 24.Qxe7 Nxe7 25.h5 Nc8 26.h6 g6 27.a4 Nd6 28.Re3 
Ra6 29.Re2 Nf7 30.Nb3 Nxh6 31.Nc5 Rb6 32.Nd7 Rc6 33.Nf6+ Kf7 34.Nxe8 Kxe8 
35.Rfe1 Kd7 36.b4 axb4 37.cxb4 Ng4 38.b5 Rc4 39.Rxe6 Rxd4 40.Re7+ Kd6 41.
Rxb7 Rxa4 42.Rxh7 Rb4 43.Rb7 Rxf4 44.Rb1 Ne5 45.b6 Rc4 46.Rg7 Rc8 47.b7 
Rb8 48.Rc1 d4 49.Rc8 Nc6 50.Rxg6+ Ke5 51.Rcxc6 1-0

[Event "30th WCh U20 Girls"]
[Site "Athens GRE"]
[Date "2012.08.15"]
[Round "13"]
[White "Moura, Danielle Sena"]
[Black "Imeeva, Aisa"]
[Result "0-1"]
[WhiteElo "1876"]
[BlackElo "2095"]
[EventDate "2012.08.02"]
[PlyCount "130"]

1.d4 Nf6 2.c4 e6 3.Nf3 b6 4.g3 Ba6 5.b3 Bb4+ 6.Bd2 Be7 7.Bg2 O-O 8.O-O d5 
9.Ne5 c6 10.Bc3 Nfd7 11.Nxd7 Nxd7 12.Nd2 Rc8 13.e4 dxe4 14.Nxe4 Nf6 15.a4 
Qc7 16.Re1 Bb7 17.Qf3 Nxe4 18.Qxe4 Bf6 19.Rad1 Rb8 20.Qe3 b5 21.c5 bxa4 
22.bxa4 Ba6 23.Rb1 Bc4 24.Qd2 Bb3 25.a5 Bc4 26.Qc2 Bb5 27.h4 Rfd8 28.Qe4 
Rd7 29.f4 Rbd8 30.Rbd1 h6 31.Kh1 Qb7 32.Kh2 Qa6 33.Kg1 Ba4 34.Bf1 Qc8 35.
Rd2 Qc7 36.Bg2 Bb5 37.Kh1 Re8 38.Kh2 Bc4 39.Qe3 Rb8 40.Be4 Bd5 41.Rb1 Bxe4
42.Qxe4 Rxb1 43.Qxb1 Bxh4 44.d5 exd5 45.Be5 Qxa5 46.Ra2 Bxg3+ 47.Kxg3 Qxc5
48.Qb8+ Kh7 49.Qb1+ g6 50.Qb8 Qe3+ 51.Kh2 g5 52.Qh8+ Kg6 53.Qf6+ Kh5 54.
fxg5 Qxg5 55.Qf3+ Qg4 56.Qf6 Qh4+ 57.Qxh4+ Kxh4 58.Rc2 d4 59.Rxc6 d3 60.
Rc1 Kg4 61.Rd1 Kf3 62.Bc3 Ke2 63.Rd2+ Ke3 64.Kg2 Rc7 65.Bb4 Rc2 0-1

[Event "30th WCh U20 Girls"]
[Site "Athens GRE"]
[Date "2012.08.15"]
[Round "13"]
[White "Frey, Alisa"]
[Black "Kalaydina, Regina Veronicka"]
[Result "0-1"]
[WhiteElo "2035"]
[BlackElo "1928"]
[EventDate "2012.08.02"]
[PlyCount "90"]

1.e4 c5 2.Nf3 e6 3.d4 cxd4 4.Nxd4 Nc6 5.Nc3 Nf6 6.Ndb5 Bb4 7.a3 Bxc3+ 8.
Nxc3 d5 9.exd5 exd5 10.Bd3 O-O 11.O-O d4 12.Ne2 Bg4 13.f3 Bh5 14.Bg5 Bg6 
15.Bxg6 hxg6 16.Qd3 Qb6 17.Bh4 Rad8 18.Bf2 Rfe8 19.b3 Nd5 20.Rfe1 Ne3 21.
Rac1 Qa5 22.Nxd4 Nxd4 23.Rxe3 Nxf3+ 24.gxf3 Qg5+ 25.Kf1 Rxd3 26.Rxe8+ Kh7 
27.cxd3 Qxc1+ 28.Kg2 Qxa3 29.d4 Qxb3 30.Re3 Qd1 31.Re5 Qd2 32.Rc5 a5 33.d5
a4 34.Rc4 Qxd5 35.Rxa4 b5 36.Rb4 Qg5+ 37.Kf1 Qd2 38.Be1 Qe3 39.f4 Qf3+ 40.
Kg1 Qe2 41.Bf2 Qd1+ 42.Kg2 Qc2 43.Kg1 Qc1+ 44.Kg2 Qc3 45.Rb1 b4 0-1

[Event "30th WCh U20 Girls"]
[Site "Athens GRE"]
[Date "2012.08.15"]
[Round "13"]
[White "Batkovskyte, Dominyka"]
[Black "Serefidou, Despina"]
[Result "1-0"]
[WhiteElo "2096"]
[BlackElo "1865"]
[EventDate "2012.08.02"]
[PlyCount "91"]

1.d4 Nf6 2.c4 e6 3.Nc3 Bb4 4.Qc2 O-O 5.Bg5 d5 6.cxd5 exd5 7.e3 c6 8.Bd3 h6
9.Bh4 Nbd7 10.Ne2 b6 11.O-O Qc7 12.Rac1 Bb7 13.Bf5 c5 14.a3 Bxc3 15.Qxc3 
c4 16.f3 b5 17.Qc2 Rfe8 18.Bf2 a5 19.Ng3 b4 20.e4 Nb6 21.e5 Nfd7 22.Bh3 
Qc6 23.Nf5 Nc8 24.f4 Qb5 25.Qd1 Ra6 26.a4 Qc6 27.Qg4 Qg6 28.Qxg6 Rxg6 29.
Nh4 Ndb6 30.Nxg6 fxg6 31.Bg3 Ne7 32.Bf2 Bc6 33.Be6+ Kf8 34.g4 Nxa4 35.Rc2 
Rb8 36.f5 gxf5 37.gxf5 b3 38.Rd2 c3 39.bxc3 Nxc3 40.f6 Ng8 41.fxg7+ Kxg7 
42.Bh4 Ne4 43.Rg2+ Ng5 44.Bxg5 hxg5 45.Rxg5+ Kh7 46.Bf5+ 1-0